000
00239nam a22001217a 4500
003
SGT
082
_a
823.92
_b
BAR
100
_a
BARRIE J.M
245
_a
PETER PAN
260
_a
UK
_b
PENGUIN PUB
_c
2015
300
_a
207
942
_2
ddc
_c
BK
999
_c
33833
_d
33833